| 000 | 00567nam a2200169 i 4500 | ||
|---|---|---|---|
| 001 | 87021 | ||
| 003 | ES-MaACL | ||
| 005 | 20230906175556.0 | ||
| 007 | t| | ||
| 008 | 041217s1927 sp ||||1| spa d | ||
| 100 | 1 |
_aKlemperer, Georg. _968245 |
|
| 245 | 1 | 0 |
_aElementos de diagnóstico / _cpor Georg Klemperer ; traducido de la 23ª ed. alemana por Adriano Panadero Marugán. |
| 260 |
_aBarcelona : _bLa Química Comercial y Farmaceútica, _c1927. |
||
| 300 |
_a348 p. : _bil. ; _c21 cm. |
||
| 700 | 1 |
_aPanadero Marugán, Adriano. _988745 |
|
| 852 |
_aES-MaACL _jC-6991 |
||
| 999 |
_c87021 _d87021 |
||